000 00473nam a2200181Ia 4500
008 240925s9999 xx 000 0 und d
020 _a750620935
082 _a629.89 TOO
100 _aMike, Tooley -
245 0 _aPc-based Instrumentation and Control
250 _aNA
260 _aBoston:
_bButterworth- Heinemann
_c,1997.
300 _axi,214p.
_bNA
_fOriginal
500 _aIncludes Index
600 _aElectronic Engineering
650 _aTechnology
942 _cBK
999 _c3982
_d3982